Hướng dẫn thiết kế - lắp đặt mạng điện xí nghiệp - công nghiệp

Đã lưu trong:
書目詳細資料
主要作者: Trần THẾ SAN
格式: 圖書
語言:Undetermined
出版: Đà Nẵng Đà Nẵng 2001
主題:
標簽: 添加標簽
沒有標簽, 成為第一個標記此記錄!
Thư viện lưu trữ: Trung tâm Học liệu Trường Đại học Cần Thơ
LEADER 00663nam a2200181Ia 4500
001 CTU_47328
008 210402s9999 xx 000 0 und d
082 |a 621.319 
082 |b S105 
100 |a Trần THẾ SAN 
245 0 |a Hướng dẫn thiết kế - lắp đặt mạng điện xí nghiệp - công nghiệp 
245 0 |c Trần THẾ SAN, Nguyễn Trọng Thắng 
260 |a Đà Nẵng 
260 |b Đà Nẵng 
260 |c 2001 
650 |a eleclectric power distribution,electric network analysis,electric power transmission 
904 |i Minh 
980 |a Trung tâm Học liệu Trường Đại học Cần Thơ